| 000 | 00988nab a22002297a 4500 | ||
|---|---|---|---|
| 999 |
_c5787 _d5787 |
||
| 003 | OSt | ||
| 005 | 20260106181557.0 | ||
| 008 | 190514b xxu||||| |||| 00| 0 spa d | ||
| 040 | _cPJ | ||
| 100 |
_96694 _aRoldan, Cinthia Vanesa |
||
| 245 | 1 | 0 |
_aAcuerdos patrimoniales en el marco de un divorcio : _bel sometimiento económico como vicio de la voluntad / _cCinthia Vanesa Roldan. |
| 300 | _ap. 147-156 | ||
| 505 | _aSumario: I. Introducción.— II. Crónica de un divorcio cis.— III. La ardua tarea de desandar lo suscripto.— IV. Palabras de cierre. | ||
| 505 | _tSi te interesa el texto, comunicate a koha@justierradelfuego.gov.ar | ||
| 650 | 0 |
_9967 _aDERECHO DE FAMILIA |
|
| 650 | 0 |
_aCODIGO CIVIL Y COMERCIAL _91497 |
|
| 650 | 0 |
_aDIVORCIO _9977 |
|
| 650 | 0 |
_aVIOLENCIA ECONÓMICA _95360 |
|
| 650 | 0 |
_aREGIMEN PATRIMONIAL DEL MATRIMONIO _9723 |
|
| 773 | 0 |
_02844 _93222 _dBuenos Aires : AbeledoPerrot, 1989- _tDerecho de familia. N° 115 - Julio 2024 _z18511201 |
|
| 942 |
_2udc _cANA |
||